Religion Quiz

Random Religion Quiz

Psalm 82: 3-4 Quiz Stats

 Plays Quiz not verified by Sporcle

Challenge
Share
Tweet
Embed
Score 0/29 Timer 04:00
0 Plays Today
% Correct
???
100%
???
100%
???
100%
???
100%
???
100%
???
100%
???
100%
???
100%
???
100%
???
100%
???
75%
???
75%
???
75%
???
60%
???
50%
% Correct
???
45%
???
40%
???
40%
???
35%
???
35%
???
35%
???
35%
???
30%
???
25%
???
25%
???
25%
???
20%
???
20%
???
20%

You're not logged in!

Compare scores with friends on all Sporcle quizzes.
OR
Log In

You Might Also Like...

Show Comments

Extras

Created Apr 9, 2012ReportNominate
Tags:Old Testament, psalm

Top Quizzes Today


Score Distribution

Your Account Isn't Verified!

In order to create a playlist on Sporcle, you need to verify the email address you used during registration. Go to your Sporcle Settings to finish the process.

Report this User

Report this user for behavior that violates our Community Guidelines.

Details: